[Event "Luanda Energias Cup"]
[Site "Luanda"]
[Date "2023.07.14"]
[Round "9"]
[White "Felix, Claudio"]
[Black "Simoes, Joao"]
[Result "1/2-1/2"]
[WhiteElo "2004"]
[BlackElo "2178"]
[PlyCount "42"]
[EventDate "2023.07.08"]
[EventType "tourn"]
[EventRounds "9"]
[EventCountry "ANG"]
[SourceTitle "EXT 2024"]
[Source "ChessBase"]
[SourceDate "2023.10.10"]
[SourceVersion "1"]
[SourceVersionDate "2023.10.10"]
[SourceQuality "1"]

1. e4 d5 2. exd5 Qxd5 3. Nc3 Qd8 4. d4 Nf6 5. Nf3 Bg4 6. Be3 e6 7. a3 c6 8. h3 Bxf3 9. Qxf3 Nbd7 10. Bd3 Qc7 11. 0-0 Bd6 12. Ne4 Nxe4 13. Bxe4 Nf6 14. Bd3 0-0 15. Bg5 Be7 16. c3 Nd5 17. Bxe7 Qxe7 18. Rfe1 Rfe8 19. Rf1 Rf8 20. Rfe1 Rfe8 21. Rf1 Rf8 1/2-1/2